[Event "POL-chT U19 2nd League"]
[Site "Iwonicz"]
[Date "2015.08.01"]
[Round "4.49"]
[White "Szarota, Marcin"]
[Black "Snihur, Piotr"]
[Result "0-1"]
[WhiteElo "1563"]
[BlackElo "2124"]
[PlyCount "58"]
[EventDate "2015.07.25"]
[EventType "team-swiss"]
[EventRounds "11"]
[EventCountry "POL"]
[SourceTitle "EXT 2019"]
[Source "ChessBase"]
[SourceDate "2018.10.10"]
[SourceVersion "1"]
[SourceVersionDate "2018.10.10"]
[SourceQuality "1"]
[WhiteTeam "Nowy Sacz Sandecja U19"]
[BlackTeam "Konin UKS Smecz U19"]
[WhiteTeamCountry "POL"]
[BlackTeamCountry "POL"]

1. d4 Nf6 2. c4 c5 3. d5 b5 4. cxb5 a6 5. b6 d6 6. Nc3 Nbd7 7. e4 Qxb6 8. Nf3 g6 9. Be2 Bg7 10. 0-0 0-0 11. Qc2 Rb8 12. Nd2 Qc7 13. Nc4 Nb6 14. Bd2 Nxc4 15. Bxc4 Nd7 16. f4 Nb6 17. Be2 Bb7 18. Rae1 Rfe8 19. f5 Nd7 20. b3 Ne5 21. h4 Rbc8 22. h5 c4 23. b4 Nd3 24. Rb1 Qb6+ 25. Kh1 Nf2+ 26. Kh2 Be5+ 27. g3 gxf5 28. exf5 Qd4 29. Bf3 Qh4+ 0-1

[Event "POL-chT U19 2nd League"]
[Site "Iwonicz"]
[Date "2015.08.01"]
[Round "8.73"]
[White "Szarota, Marcin"]
[Black "Wolniaczyk, Bartosz"]
[Result "0-1"]
[WhiteElo "1563"]
[BlackElo "1651"]
[PlyCount "122"]
[EventDate "2015.07.25"]
[EventType "team-swiss"]
[EventRounds "11"]
[EventCountry "POL"]
[SourceTitle "EXT 2019"]
[Source "ChessBase"]
[SourceDate "2018.10.10"]
[SourceVersion "1"]
[SourceVersionDate "2018.10.10"]
[SourceQuality "1"]
[WhiteTeam "Nowy Sacz Sandecja U19"]
[BlackTeam "Wielun UKS Piatka U19"]
[WhiteTeamCountry "POL"]
[BlackTeamCountry "POL"]

1. d4 Nf6 2. c4 c5 3. d5 b5 4. cxb5 a6 5. b6 Qxb6 6. Nc3 d6 7. e4 Nbd7 8. Nf3 g6 9. Be2 Bg7 10. 0-0 0-0 11. Qc2 a5 12. a4 Ba6 13. Nb5 Ne8 14. Rb1 Nc7 15. Na3 Bxe2 16. Qxe2 Qb3 17. Qc4 Rfb8 18. Nd2 Qb7 19. Qc2 Qb4 20. Ndc4 Nb6 21. Bd2 Qxa4 22. b3 Qd7 23. Nxa5 Ra6 24. Nc6 Rba8 25. Nc4 Nb5 26. b4 Nxc4 27. Qxc4 Na3 28. Qb3 Nxb1 29. Qxb1 Ra1 30. Qd3 cxb4 31. Bxb4 Rxf1+ 32. Kxf1 Ra1+ 33. Ke2 Qg4+ 34. Qf3 Ra2+ 35. Kf1 Qxf3 36. gxf3 Bf6 37. e5 Bxe5 38. Nxe5 dxe5 39. Bxe7 f5 40. Bc5 Ra5 41. Be3 Rxd5 42. f4 exf4 43. Bxf4 Kf7 44. Kg2 Kf6 45. h4 Rc5 46. Kg3 Rc4 47. Bh6 Rg4+ 48. Kh3 Ke5 49. f3 Ra4 50. Kg3 Ra2 51. Bg5 Ra1 52. Bd2 Rg1+ 53. Kf2 Rd1 54. Bc3+ Kf4 55. Ba5 Rd7 56. Kg2 Ke3 57. Bb6+ Ke2 58. Kg3 Rd3 59. Kf4 h6 60. Ke5 Kxf3 61. Bc5 Kg4 0-1

[Event "POL-chT U19 2nd League"]
[Site "Iwonicz"]
[Date "2015.08.01"]
[Round "11.103"]
[White "Walkowski, Milosz"]
[Black "Szarota, Marcin"]
[Result "1-0"]
[WhiteElo "1771"]
[BlackElo "1563"]
[PlyCount "67"]
[EventDate "2015.07.25"]
[EventType "team-swiss"]
[EventRounds "11"]
[EventCountry "POL"]
[SourceTitle "EXT 2019"]
[Source "ChessBase"]
[SourceDate "2018.10.10"]
[SourceVersion "1"]
[SourceVersionDate "2018.10.10"]
[SourceQuality "1"]
[WhiteTeam "Wloszakowice UKS ZSO U19"]
[BlackTeam "Nowy Sacz Sandecja U19"]
[WhiteTeamCountry "POL"]
[BlackTeamCountry "POL"]

1. d4 Nf6 2. c4 g6 3. Nc3 Bg7 4. e4 d6 5. f3 0-0 6. Nge2 e5 7. Be3 c6 8. Qd2 Na6 9. 0-0-0 Be6 10. d5 cxd5 11. cxd5 Bd7 12. Kb1 Ne8 13. g4 b5 14. Nc1 Nec7 15. Nb3 b4 16. Ne2 Nb5 17. h4 f5 18. gxf5 gxf5 19. Bg5 Qb6 20. Bh3 Rf7 21. Ng3 fxe4 22. Bxd7 Rxd7 23. fxe4 Rc8 24. Rc1 Rdc7 25. Rxc7 Qxc7 26. Rc1 Qd7 27. Rxc8+ Qxc8 28. Nf5 Qc4 29. Qe3 Qf1+ 30. Qc1 Qd3+ 31. Qc2 Qf1+ 32. Nc1 h6 33. Qc8+ Kh7 34. Qd7 1-0